Calcul infinitésimal

Saved in:
Bibliografiske detaljer
Hovedforfatter: Dieudonné, Jean Alexandre (Author)
Format: Bog
Sprog:fransk
Udgivet: París Hermann 1968
Fag:
Tags: Tilføj Tag
Ingen Tags, Vær først til at tagge denne postø!

MARC

LEADER 00000nam a2200000 a 4500
001 UCW0721
003 CL-VaPUC
008 890405e19680000FR |||||||||||||||||fre|d
082 0 4 |a 515  |b DIE  |2 21 
100 0 |a Dieudonné, Jean Alexandre  |e author  |9 304633 
245 1 0 |a Calcul infinitésimal 
300 |a 479 p 
942 |c BK 
945 |d 19890405 00:00:00 
260 |a París  |b Hermann  |c 1968 
650 0 |a Cálculo  |9 260234 
583 |a last modification  |c 19890405 00:00:00  |k Rodrigo Vera 
999 |c 215785  |d 215783 
952 |0 0  |1 0  |4 0  |6 515_000000000000000_DIE_1968  |7 0  |8 A  |9 200758  |a BIBMAT  |b BIBMAT  |d 2019-11-14  |i 2679523  |o 515 DIE 1968  |p 2679523  |r 2025-01-07  |w 2019-11-14  |y BK  |k MAT 
952 |0 0  |1 0  |4 0  |6 515_000000000000000_DIE_1968  |7 0  |8 A  |9 200759  |a BIBMAT  |b BIBMAT  |d 2019-11-14  |i 2680831  |o 515 DIE 1968  |p 2680831  |r 2025-01-07  |w 2019-11-14  |y BK  |k MAT 
952 |0 0  |1 0  |4 0  |6 515_000000000000000_DIE_1968  |7 0  |8 A  |9 200760  |a BIBMAT  |b BIBMAT  |d 2019-11-14  |i 268084K  |o 515 DIE 1968  |p 268084K  |r 2025-01-07  |w 2019-11-14  |y BK  |k MAT